Fundamental Justice Section 7 of the Canadian Charter of Rights and Freedoms /

Detalles Bibliográficos
Autor principal: Stewart, Hamish
Formato: eBook
Lenguaje:inglés
Publicado: Toronto: Irwin Law Inc., 2019
Edición:Segunda Edicin̤
Materias:
Acceso en línea:Acceso restringido

MARC

LEADER 00000nam a22000007a 4500
005 20210810220435.0
007 cr|||| ||||
008 210810s2019 ca |||||s|||| 00||0 eng d
020 |a 9781552215029 
035 |a 34964 
040 |a vLex 
090 |c 11961  |d 11961 
100 1 |a Stewart, Hamish 
245 1 0 |a Fundamental Justice  |h [Recurso electrn̤ico] :  |b Section 7 of the Canadian Charter of Rights and Freedoms /  |c Hamish Stewart 
250 |a Segunda Edicin̤ 
256 |a Servicio en ln̕ea 
260 |a Toronto:  |b Irwin Law Inc.,  |c 2019 
300 |a 1 recurso electrn̤ico 
500 |a Section 7 of the Canadian Charter of Rights and Freedoms provides that “[e]veryone has the right to life, liberty and security of the person and the right not to be deprived thereof except in accordance with the principles of fundamental justice.” This book analyzes all aspects of section 7. It outlines the place of section 7 in the constitutional order; how courts decide whether a particular legal principle is so fundamental that it merits recognition under section 7; the conditions under which section 7 will apply to a legal dispute; the legal norms that have been recognized, or rejected, as principles of fundamental justice under section 7; and the very limited circumstances in which an infringement of section 7 will be justified under section 1. The second edition has been extensively revised to take into account several significant changes in the law over the last several years, including the Supreme Court of Canada’s decisions in Bedford (sex work) and Carter (medically assisted dying). 
506 1 |a Disponible solo en los productos indicados  |d vLex Global  |d vLex Global (Academic Edition, excluding Law Schools)  |d vLex Global (U.S. Academic Edition, Law Schools)  |d vLex Global (U.S. Academic Edition, excluding Law Schools)  |d vLex Global (Academic Edition, Law Schools) 
650 0 4 |a Derecho Civil  |z Canad̀ 
650 0 4 |a Derecho Constitucional  |z Canad̀ 
740 0 |a vLex Libros (Servicio en ln̕ea) 
856 4 0 |u https://app.vlex.com/#/sources/34964  |z Acceso restringido 
942 |c BOOK 
999 0 |a Civil Law 
999 0 |a Constitutional Law